<?xml version="1.0" encoding="UTF-8"?><?xml-stylesheet type="text/xsl" href="static/style.xsl"?><OAI-PMH xmlns="http://www.openarchives.org/OAI/2.0/" xmlns:xsi="http://www.w3.org/2001/XMLSchema-instance" xsi:schemaLocation="http://www.openarchives.org/OAI/2.0/ http://www.openarchives.org/OAI/2.0/OAI-PMH.xsd"><responseDate>2026-04-28T01:50:51Z</responseDate><request verb="GetRecord" identifier="oai:riubu.ubu.es:10259/8786" metadataPrefix="marc">https://riubu.ubu.es/oai/request</request><GetRecord><record><header><identifier>oai:riubu.ubu.es:10259/8786</identifier><datestamp>2024-03-09T01:05:27Z</datestamp><setSpec>com_10259_4141</setSpec><setSpec>com_10259_5086</setSpec><setSpec>com_10259_2604</setSpec><setSpec>com_10259_3725</setSpec><setSpec>com_10259_4219</setSpec><setSpec>col_10259_4142</setSpec><setSpec>col_10259_3726</setSpec><setSpec>col_10259_4220</setSpec></header><metadata><record xmlns="http://www.loc.gov/MARC21/slim" xmlns:doc="http://www.lyncode.com/xoai" xmlns:xsi="http://www.w3.org/2001/XMLSchema-instance" xmlns:dcterms="http://purl.org/dc/terms/" xsi:schemaLocation="http://www.loc.gov/MARC21/slim http://www.loc.gov/standards/marcxml/schema/MARC21slim.xsd">
<leader>00925njm 22002777a 4500</leader>
<datafield tag="042" ind1=" " ind2=" ">
<subfield code="a">dc</subfield>
</datafield>
<datafield tag="720" ind1=" " ind2=" ">
<subfield code="a">Fuente Anuncibay, Raquel de la</subfield>
<subfield code="e">author</subfield>
</datafield>
<datafield tag="720" ind1=" " ind2=" ">
<subfield code="a">González Barbadillo, Ángela</subfield>
<subfield code="e">author</subfield>
</datafield>
<datafield tag="720" ind1=" " ind2=" ">
<subfield code="a">González Bernal, Jerónimo</subfield>
<subfield code="e">author</subfield>
</datafield>
<datafield tag="720" ind1=" " ind2=" ">
<subfield code="a">Cubo Delgado, Esther</subfield>
<subfield code="e">author</subfield>
</datafield>
<datafield tag="720" ind1=" " ind2=" ">
<subfield code="a">Pizarro Ruiz, Juan Pablo</subfield>
<subfield code="e">author</subfield>
</datafield>
<datafield tag="260" ind1=" " ind2=" ">
<subfield code="c">2019-04</subfield>
</datafield>
<datafield tag="520" ind1=" " ind2=" ">
<subfield code="a">Numerous interventions propose mindfulness training as a means of improving empathy. Our aim is to analyse the relationship between mindfulness practice and empathy through the mediating process of trait mindfulness. This sample comprised 264 undergraduate students (, SD = 11,39). The instruments used were Five Facet Mindfulness Questionnaire and Toronto Empathy Questionnaire. The indirect effect was calculated using 10.000 bootstrap samples for the bootstrap confidence intervals corrected for bias. Empathy improvement is mediated by changes in the cognitions derived from mindfulness (B = .346, p&lt;.01). The direct effect of mindfulness practice on empathy disappears in presence of this mediator (B = .133, p>.05). Mindfulness interventions that aim to improve empathy should focus on three of its components; observing, describing and nonreactivity to inner experience. Given the significance of the results, the research must be extended to larger samples.</subfield>
</datafield>
<datafield tag="024" ind2=" " ind1="8">
<subfield code="a">http://hdl.handle.net/10259/8786</subfield>
</datafield>
<datafield tag="024" ind2=" " ind1="8">
<subfield code="a">10.1371/journal.pone.0215569</subfield>
</datafield>
<datafield tag="024" ind2=" " ind1="8">
<subfield code="a">1932-6203</subfield>
</datafield>
<datafield tag="245" ind1="0" ind2="0">
<subfield code="a">Mediating effect of mindfulness cognition on the development of empathy in a university context</subfield>
</datafield>
</record></metadata></record></GetRecord></OAI-PMH>